[Event "Budapest FS02 FM-B"]
[Site "Budapest"]
[Date "2013.02.07"]
[Round "6"]
[White "Engelbrecht, Imre"]
[Black "Csiba, Tibor"]
[Result "1-0"]
[WhiteElo "1639"]
[BlackElo "1571"]
[PlyCount "119"]
[EventDate "2013.02.02"]
[EventType "tourn"]
[EventRounds "10"]
[EventCountry "HUN"]
[SourceTitle "CBM 152 Extra"]
[Source "ChessBase"]
[SourceDate "2013.02.25"]
[SourceVersion "1"]
[SourceVersionDate "2013.02.25"]
[SourceQuality "1"]

1. e4 d5 2. exd5 Qxd5 3. Nc3 Qd6 4. Bc4 Nf6 5. d3 g6 6. Nf3 c6 7. a4 Bg4 8. h3 Bxf3 9. Qxf3 Nbd7 10. Bf4 e5 11. Bg3 Bg7 12. 0-0 0-0 13. Rfe1 Nh5 14. Ne4 Qe7 15. Bh2 Kh8 16. Ng3 Nf4 17. Ne2 Nxe2+ 18. Rxe2 f6 19. Qe3 Qc5 20. Qd2 Nb6 21. b4 Nxc4 22. bxc5 Nxd2 23. Rxd2 Rfd8 24. Rb1 Rd7 25. Kf1 Bf8 26. f4 exf4 27. Bxf4 Bxc5 28. Re2 Bd6 29. Bxd6 Rxd6 30. Rxb7 f5 31. Ree7 h5 32. Rxa7 Rxa7 33. Rxa7 c5 34. Rc7 Ra6 35. Rxc5 Rxa4 36. Rc7 Rd4 37. Ke2 f4 38. Kf3 Ra4 39. Rc4 Ra1 40. Kxf4 Rg1 41. Kf3 Rf1+ 42. Ke2 Rf5 43. g4 hxg4 44. hxg4 Rf7 45. Re4 Kg7 46. c4 Rc7 47. Ke3 Kf6 48. Kd4 Rd7+ 49. Kc3 Ra7 50. d4 Kg5 51. d5 Kf6 52. Kb4 Rd7 53. Kb5 Rd6 54. Kc5 Ra6 55. d6 Kf7 56. Kd5 Ra4 57. d7 Ra5+ 58. Kd6 Ra8 59. g5 Ra1 60. d8Q 1-0

[Event "Budapest FS02 FM-B"]
[Site "Budapest"]
[Date "2013.02.02"]
[Round "1"]
[White "Csiba, Tibor"]
[Black "Engelbrecht, Imre"]
[Result "1/2-1/2"]
[WhiteElo "1571"]
[BlackElo "1639"]
[PlyCount "20"]
[EventDate "2013.02.02"]
[EventType "tourn"]
[EventRounds "10"]
[EventCountry "HUN"]
[SourceTitle "CBM 152 Extra"]
[Source "ChessBase"]
[SourceDate "2013.02.25"]
[SourceVersion "1"]
[SourceVersionDate "2013.02.25"]
[SourceQuality "1"]

1. e4 e5 2. Nf3 Nc6 3. Bc4 Bc5 4. 0-0 Nf6 5. Nc3 0-0 6. a3 a6 7. b4 Ba7 8. Bb2 b5 9. Ba2 Bb7 10. Re1 Re8 1/2-1/2

[Event "Budapest FS12 FM-B"]
[Site "Budapest"]
[Date "2012.12.06"]
[Round "5"]
[White "Engelbrecht, Imre"]
[Black "Czipp, Janos"]
[Result "1-0"]
[WhiteElo "1640"]
[BlackElo "1445"]
[PlyCount "61"]
[EventDate "2012.12.01"]
[EventType "tourn"]
[EventRounds "10"]
[EventCountry "HUN"]
[SourceTitle "EXT 2014"]
[Source "ChessBase"]
[SourceDate "2013.11.20"]
[SourceVersion "1"]
[SourceVersionDate "2013.11.20"]
[SourceQuality "1"]

1. e4 c5 2. Bc4 Nc6 3. Nf3 e6 4. Nc3 a6 5. a4 d6 6. d4 cxd4 7. Nxd4 Nf6 8. Nxc6 bxc6 9. 0-0 Be7 10. Be3 Qc7 11. Re1 0-0 12. a5 Nd7 13. Na4 c5 14. Qe2 Ne5 15. Nb6 Ra7 16. Nxc8 Qxc8 17. Ba2 Rd7 18. c3 Nc6 19. Bc4 Qc7 20. Bxa6 d5 21. exd5 Rxd5 22. Bc4 Rdd8 23. a6 Bd6 24. h3 Qb6 25. b4 Na7 26. Reb1 Rb8 27. Bd3 Nb5 28. Qh5 g6 29. Qf3 Qc7 30. Bxb5 Rxb5 31. a7 1-0

[Event "Budapest FS12 FM-B"]
[Site "Budapest"]
[Date "2012.12.03"]
[Round "2"]
[White "Bella, Zsolt"]
[Black "Engelbrecht, Imre"]
[Result "1/2-1/2"]
[WhiteElo "1401"]
[BlackElo "1640"]
[PlyCount "59"]
[EventDate "2012.12.01"]
[EventType "tourn"]
[EventRounds "10"]
[EventCountry "HUN"]
[SourceTitle "EXT 2014"]
[Source "ChessBase"]
[SourceDate "2013.11.20"]
[SourceVersion "1"]
[SourceVersionDate "2013.11.20"]
[SourceQuality "1"]

1. d4 Nf6 2. c4 g6 3. Nc3 Bg7 4. Nf3 d6 5. g3 c6 6. Bf4 0-0 7. e4 Nbd7 8. Bg2 Ne8 9. b4 Nc7 10. 0-0 e5 11. Be3 h6 12. Qc1 Kh7 13. dxe5 dxe5 14. Rd1 Qe8 15. Bh3 Nb6 16. Bxc8 Qxc8 17. Bxb6 axb6 18. Qe3 Qg4 19. Kg2 Ne6 20. h3 Nf4+ 21. Qxf4 exf4 22. hxg4 Bxc3 23. Rab1 fxg3 24. Kxg3 Rfd8 25. Rxd8 Rxd8 26. Rb3 Bg7 27. Ra3 Rd7 28. Rb3 g5 29. e5 Kg6 30. Re3 1/2-1/2

[Event "Budapest FS02 FM-C"]
[Site "Budapest"]
[Date "2010.02.11"]
[Round "6"]
[White "Mihajlova, Diana"]
[Black "Engelbrecht, Imre"]
[Result "0-1"]
[WhiteElo "1453"]
[BlackElo "1621"]
[PlyCount "80"]
[EventDate "2010.02.06"]
[EventType "tourn"]
[EventRounds "10"]
[EventCountry "HUN"]
[SourceTitle "CBM 135 Extra"]
[Source "ChessBase"]
[SourceDate "2010.05.04"]
[SourceVersion "1"]
[SourceVersionDate "2010.05.04"]
[SourceQuality "1"]

1. Nf3 Nf6 2. c4 d6 3. Nc3 g6 4. d4 Bg7 5. e4 0-0 6. Bd3 Nbd7 7. e5 dxe5 8. dxe5 Ng4 9. e6 fxe6 10. 0-0 Nde5 11. Nxe5 Nxe5 12. Bxg6 Nxg6 13. Qc2 Qe8 14. Be3 b6 15. Nb5 Bb7 16. f3 Qc6 17. Rad1 Rad8 18. Nd4 Bxd4 19. Rxd4 Rxd4 20. Bxd4 Rf4 21. Qc3 e5 22. Bxe5 Qc5+ 23. Bd4 Qxd4+ 24. Qxd4 Rxd4 25. b3 Rd2 26. Re1 Kf7 27. Kf1 Rxa2 28. Rd1 Ke8 29. Rd4 c5 30. Rg4 Rb2 31. h4 Rxb3 32. h5 Nf8 33. Rg7 a5 34. g4 a4 35. g5 a3 36. Rxh7 Nxh7 37. g6 Nf6 38. h6 a2 39. Kg2 Bxf3+ 40. Kf2 Ne4+ 0-1

[Event "Budapest FS03 FM-B"]
[Site "Budapest"]
[Date "2009.03.15"]
[Round "7"]
[White "Mendege, Andras"]
[Black "Engelbrecht, Imre"]
[Result "1-0"]
[WhiteElo "1795"]
[BlackElo "1674"]
[PlyCount "85"]
[EventDate "2009.03.07"]
[EventType "tourn"]
[EventRounds "9"]
[EventCountry "HUN"]
[SourceTitle "EXT 2010"]
[Source "ChessBase"]
[SourceDate "2010.11.25"]
[SourceVersion "1"]
[SourceVersionDate "2010.11.25"]
[SourceQuality "1"]

1. e4 e5 2. Nf3 Nc6 3. Bb5 a6 4. Ba4 Nf6 5. 0-0 Bc5 6. d3 b5 7. Bb3 0-0 8. h3 h6 9. c3 Bb7 10. d4 exd4 11. cxd4 Bb6 12. e5 Ne4 13. Nc3 Nb4 14. a3 Nxc3 15. bxc3 Nd5 16. Qd3 Kh8 17. Bc2 f5 18. exf6 Nxf6 19. Re1 Bxf3 20. Qxf3 d5 21. Qd3 Qd7 22. f3 c5 23. Be3 c4 24. Qg6 Bc7 25. Kh1 Qd6 26. Bg1 Rae8 27. a4 b4 28. cxb4 Qxb4 29. Bf2 Qd6 30. g3 Ba5 31. Rxe8 Rxe8 32. Rb1 Qe7 33. g4 Qe2 34. Kg2 Bd2 35. h4 Be3 36. Rf1 Rf8 37. g5 Ne4 38. Bxe4 dxe4 39. Qxe4 c3 40. Qxe3 Qxe3 41. Bxe3 c2 42. Rc1 Rc8 43. gxh6 1-0

[Event "Budapest FS07 FM-C"]
[Site "Budapest"]
[Date "2008.07.14"]
[Round "2.5"]
[White "Solti, Gergely"]
[Black "Engelbrecht, Imre"]
[Result "1-0"]
[WhiteElo "1801"]
[BlackElo "1694"]
[PlyCount "41"]
[EventDate "2008.07.05"]
[EventType "tourn"]
[EventRounds "10"]
[EventCountry "HUN"]
[SourceTitle "EXT 2011"]
[Source "ChessBase"]
[SourceDate "2010.11.26"]
[SourceVersion "1"]
[SourceVersionDate "2010.11.26"]
[SourceQuality "1"]

1. e4 e5 2. d4 exd4 3. Nf3 Bb4+ 4. c3 dxc3 5. bxc3 Bc5 6. Bc4 Ne7 7. 0-0 0-0 8. Ng5 h6 9. Nxf7 Rxf7 10. Qh5 Qf8 11. Bxf7+ Qxf7 12. Qxc5 Nbc6 13. Be3 d6 14. Qb5 Qg6 15. f3 Bh3 16. Rf2 Ne5 17. Nd2 Rf8 18. Kh1 Bc8 19. Qa5 Nd3 20. Re2 Nc6 21. Qd5+ 1-0

[Event "Budapest FS07 FM-C"]
[Site "Budapest"]
[Date "2008.07.11"]
[Round "2.2"]
[White "Engelbrecht, Imre"]
[Black "Fabian, Laszlo"]
[Result "0-1"]
[WhiteElo "1694"]
[BlackElo "1846"]
[PlyCount "98"]
[EventDate "2008.07.05"]
[EventType "tourn"]
[EventRounds "10"]
[EventCountry "HUN"]
[SourceTitle "EXT 2011"]
[Source "ChessBase"]
[SourceDate "2010.11.26"]
[SourceVersion "1"]
[SourceVersionDate "2010.11.26"]
[SourceQuality "1"]

1. e4 e5 2. Nf3 Nc6 3. d4 exd4 4. Nxd4 Bc5 5. c3 Nf6 6. Bd3 0-0 7. Be3 Bb6 8. 0-0 d6 9. h3 Ne5 10. Bc2 Nc4 11. Bc1 Re8 12. b3 Ne5 13. Be3 Bd7 14. Nd2 c5 15. N4f3 Nxf3+ 16. Qxf3 Re6 17. Nc4 Bc7 18. Rad1 Ne8 19. Qe2 b5 20. Nd2 Qf6 21. Nf3 Qxc3 22. e5 Bc6 23. Ng5 Qxe5 24. Bxh7+ Kf8 25. Nxe6+ Qxe6 26. Bd3 a6 27. Qh5 Nf6 28. Qh8+ Ke7 29. Qh4 Kd7 30. Rfe1 Qd5 31. Qg3 Qh5 32. Bf4 Re8 33. f3 Rxe1+ 34. Rxe1 c4 35. bxc4 bxc4 36. Bc2 g6 37. Rd1 Qc5+ 38. Kh2 Nh5 39. Qg4+ f5 40. Qg5 Nxf4 41. Bxf5+ Qxf5 42. Qh6 Ne6 43. Qh7+ Kc8 44. Qh8+ Nd8 45. Qb2 d5+ 46. Kh1 Qf4 47. Kg1 Qe3+ 48. Kh1 c3 49. Qc2 Be8 0-1

[Event "Budapest FS07 FM-C"]
[Site "Budapest"]
[Date "2008.07.06"]
[Round "1.2"]
[White "Fabian, Laszlo"]
[Black "Engelbrecht, Imre"]
[Result "0-1"]
[WhiteElo "1846"]
[BlackElo "1694"]
[PlyCount "47"]
[EventDate "2008.07.05"]
[EventType "tourn"]
[EventRounds "10"]
[EventCountry "HUN"]
[SourceTitle "EXT 2011"]
[Source "ChessBase"]
[SourceDate "2010.11.26"]
[SourceVersion "1"]
[SourceVersionDate "2010.11.26"]
[SourceQuality "1"]

1. e4 c5 2. Nc3 g6 3. Bc4 Bg7 4. a3 e6 5. Qf3 Ne7 6. Nge2 Nbc6 7. Ba2 0-0 8. 0-0 f5 9. d3 fxe4 10. Qxe4 d5 11. Qh4 Qc7 12. g3 Be5 13. f4 Nf5 14. Qh3 Bg7 15. Bd2 Ncd4 16. Nxd4 cxd4 17. Nb5 Qb6 18. Bb4 Qxb5 19. Bxf8 Bxf8 20. Bb3 Ne3 21. Rfe1 e5 22. Qh4 Qe8 23. Re2 Kg7 24. Kh1 0-1

[Event "Budapest FS03 FM-B"]
[Site "Budapest"]
[Date "2007.03.09"]
[Round "7"]
[White "Engelbrecht, Imre"]
[Black "Dobos, Otto"]
[Result "1/2-1/2"]
[WhiteElo "1756"]
[BlackElo "1869"]
[PlyCount "28"]
[EventDate "2007.03.03"]
[EventType "tourn"]
[EventRounds "10"]
[EventCountry "HUN"]
[SourceTitle "CBM 117 Extra"]
[Source "ChessBase"]
[SourceDate "2007.05.09"]
[SourceVersion "1"]
[SourceVersionDate "2007.05.09"]
[SourceQuality "1"]

1. e4 e5 2. Nf3 d6 3. d4 exd4 4. Nxd4 Nf6 5. Nc3 Be7 6. Bc4 0-0 7. 0-0 c6 8. h3 b5 9. Bd3 b4 10. Nce2 c5 11. Nf5 Bb7 12. Bf4 g6 13. Nxe7+ Qxe7 14. Ng3 Nbd7 1/2-1/2

[Event "Budapest FS03 FM-B"]
[Site "Budapest"]
[Date "2007.03.07"]
[Round "5"]
[White "Engelbrecht, Imre"]
[Black "Czimer, Jozsef"]
[Result "1/2-1/2"]
[WhiteElo "1756"]
[BlackElo "1885"]
[PlyCount "150"]
[EventDate "2007.03.03"]
[EventType "tourn"]
[EventRounds "10"]
[EventCountry "HUN"]
[SourceTitle "CBM 117 Extra"]
[Source "ChessBase"]
[SourceDate "2007.05.09"]
[SourceVersion "1"]
[SourceVersionDate "2007.05.09"]
[SourceQuality "1"]

1. e4 c5 2. Nf3 Nc6 3. d4 cxd4 4. Nxd4 Nf6 5. Nc3 d6 6. Be3 e5 7. Nxc6 bxc6 8. Bc4 Be7 9. 0-0 0-0 10. Qd2 Ng4 11. Rae1 Nxe3 12. fxe3 Be6 13. Bxe6 fxe6 14. Rxf8+ Qxf8 15. Rf1 Qe8 16. Rf3 Qd7 17. Nd1 d5 18. exd5 e4 19. Rf4 exd5 20. Rxe4 Rd8 21. Rf4 Bg5 22. Rf3 Qe7 23. Qe2 Qc5 24. c3 a5 25. Qd3 g6 26. Rg3 Qe7 27. Qa6 Rd6 28. Qxa5 Re6 29. Qb6 Bf4 30. Rf3 Bc7 31. Qd4 Qd6 32. g3 c5 33. Qd3 c4 34. Qf1 Bb6 35. Kg2 Qe7 36. Qe2 g5 37. g4 Re5 38. h3 Qe6 39. Qf2 Qe7 40. Kf1 h6 41. Rf5 Re4 42. Ke2 d4 43. cxd4 Bxd4 44. Rf3 Qd6 45. Kf1 Bg7 46. Nc3 Bxc3 47. bxc3 Qd3+ 48. Kg2 Re8 49. Rf7 Qxc3 50. Rc7 Rf8 51. Qe2 Qd3 52. Qxd3 cxd3 53. Rd7 Ra8 54. Rxd3 Rxa2+ 55. Kf3 Rh2 56. Kg3 Re2 57. h4 gxh4+ 58. Kxh4 Rh2+ 59. Kg3 Rh1 60. Kf4 Kg7 61. Ke5 Kg6 62. Rd4 h5 63. gxh5+ Rxh5+ 64. Kd6 Kf7 65. Kd7 Kf6 66. Kd6 Kf7 67. Rf4+ Ke8 68. e4 Rh6+ 69. Kd5 Ra6 70. Rf5 Ke7 71. Re5+ Kd7 72. Kd4 Ra4+ 73. Ke3 Ra1 74. Rd5+ Ke6 75. Kd4 Ra4+ 1/2-1/2

[Event "Budapest FS02 FM-C"]
[Site "Budapest"]
[Date "2007.02.04"]
[Round "2"]
[White "Surinya, Tibor"]
[Black "Engelbrecht, Imre"]
[Result "1-0"]
[WhiteElo "1794"]
[BlackElo "1756"]
[PlyCount "61"]
[EventDate "2007.02.03"]
[EventType "tourn"]
[EventRounds "11"]
[EventCountry "HUN"]
[SourceTitle "CBM 116 Extra"]
[Source "ChessBase"]
[SourceDate "2007.03.07"]
[SourceVersion "1"]
[SourceVersionDate "2007.03.07"]
[SourceQuality "1"]

1. d4 Nf6 2. c4 e5 3. dxe5 Ng4 4. Bf4 Nc6 5. Nf3 Bb4+ 6. Nbd2 Qe7 7. e3 0-0 8. Be2 Ngxe5 9. Nxe5 Nxe5 10. 0-0 Qe8 11. a3 Bxd2 12. Qxd2 d6 13. Rfd1 Bf5 14. Rac1 h6 15. b4 Be6 16. Qb2 f6 17. c5 Qe7 18. cxd6 cxd6 19. Rd2 Rfd8 20. Rcd1 Rac8 21. h3 Rc7 22. Kh2 Bc4 23. Qd4 Bxe2 24. Rxe2 b6 25. Qd5+ Kf8 26. Red2 g5 27. Bg3 h5 28. h4 g4 29. Bf4 Kg7 30. Qe4 Nf3+ 31. gxf3 1-0

[Event "Budapest FS12 Elo-B"]
[Site "Budapest"]
[Date "2006.12.11"]
[Round "10"]
[White "Engelbrecht, Imre"]
[Black "Orfei, Rolando"]
[Result "1/2-1/2"]
[WhiteElo "1781"]
[BlackElo "2059"]
[PlyCount "74"]
[EventDate "2006.12.02"]
[EventType "tourn"]
[EventRounds "13"]
[EventCountry "HUN"]
[SourceTitle "CBM 115 Extra"]
[Source "ChessBase"]
[SourceDate "2007.01.10"]
[SourceVersion "1"]
[SourceVersionDate "2007.01.10"]
[SourceQuality "1"]

1. e4 e6 2. d4 d5 3. e5 c5 4. dxc5 Bxc5 5. Qg4 Bf8 6. Bd3 Qc7 7. Nf3 Nc6 8. 0-0 Nxe5 9. Nxe5 Qxe5 10. Nc3 Nf6 11. Bb5+ Bd7 12. Bxd7+ Nxd7 13. Bf4 f5 14. Qh5+ g6 15. Bxe5 gxh5 16. Bxh8 Kf7 17. Bd4 e5 18. Bxe5 Nxe5 19. Rfe1 Nc4 20. Nxd5 Rd8 21. Ne3 Nxb2 22. Rab1 Bb4 23. Rf1 Ba3 24. Nd1 Nc4 25. Rxb7+ Kg6 26. Ne3 Nxe3 27. fxe3 Bc5 28. Rb3 Re8 29. Rf3 f4 30. Kf2 fxe3+ 31. Ke2 Re4 32. Rc3 Bb6 33. Rc6+ Kg7 34. Rc3 h4 35. h3 h5 36. Rf5 Kg6 37. Rd5 Rf4 1/2-1/2

[Event "Budapest FS12 Elo-B"]
[Site "Budapest"]
[Date "2006.12.08"]
[Round "7"]
[White "Merenyi, Tamas"]
[Black "Engelbrecht, Imre"]
[Result "1-0"]
[WhiteElo "1854"]
[BlackElo "1781"]
[PlyCount "64"]
[EventDate "2006.12.02"]
[EventType "tourn"]
[EventRounds "13"]
[EventCountry "HUN"]
[SourceTitle "CBM 115 Extra"]
[Source "ChessBase"]
[SourceDate "2007.01.10"]
[SourceVersion "1"]
[SourceVersionDate "2007.01.10"]
[SourceQuality "1"]

1. e4 e5 2. Nc3 Nf6 3. f4 d6 4. Nf3 Nbd7 5. Bc4 Be7 6. d3 0-0 7. 0-0 c6 8. Qe1 Qc7 9. a3 Nc5 10. b4 Ne6 11. fxe5 dxe5 12. Ne2 Nh5 13. Ng3 Nhf4 14. Nf5 Bf6 15. Bb2 Bd7 16. Ne3 Rae8 17. Ng4 Ng5 18. Nxf6+ gxf6 19. Nh4 Kh8 20. Rxf4 Rg8 21. Rf1 Nh3+ 22. Kh1 Ng5 23. Qf2 Qd6 24. Qxf6+ Qxf6 25. Rxf6 Kg7 26. Raf1 Rgf8 27. R6f2 Bg4 28. h3 Bh5 29. Kh2 Re7 30. g4 Bg6 31. Nxg6 hxg6 32. h4 Ne6 1-0